[Event "Thursday Knighter I: PREMIER"]
[Site "Minneapolis, MN"]
[Date "2019.01.17"]
[Round "3.2"]
[White "Zelkind, Eduard"]
[Black "Britt, Thomas"]
[Result "0-1"]
[WhiteElo "2200"]
[BlackElo "1460"]

1. e4 c5 2. Nf3 d6 3. d4 cxd4 4. Nxd4 Nf6 5. Nc3 e6 6. Be2 Be7 7. Be3 Nc6 8.
O-O O-O 9. Kh1 Bd7 10. Ndb5 Qb8 11. f4 a6 12. Nd4 b5 13. Bf3 Rc8 14. Nce2 e5
15. Nf5 Bxf5 16. exf5 e4 {#R} 0-1

[Event "Thursday Knighter I: PREMIER"]
[Site "Minneapolis, MN"]
[Date "2019.01.17"]
[Round "3.3"]
[White "Hunt, Ethan"]
[Black "Marquina, Efrain"]
[Result "1-0"]
[WhiteElo "1912"]
[BlackElo "1645"]

1. c4 Nf6 2. Nc3 g6 3. d4 c5 4. Nf3 cxd4 5. Nxd4 Nc6 6. e4 Nxd4 7. Qxd4 d6 8.
Be2 Bg7 9. Be3 O-O 10. Qd2 Be6 11. O-O Qa5 12. f3 Rfc8 13. b3 Nd7 14. Rac1 a6
15. Nd5 Qxd2 16. Bxd2 Bxd5 17. exd5 Bb2 18. Rcd1 a5 19. Bc1 Bf6 20. Be3 Kg7
21. Kf2 Bh4+ 22. g3 Bf6 23. Rb1 Bc3 24. a3 Bf6 25. Rfc1 h5 26. Bf1 Nc5 27. b4
axb4 28. axb4 Ra2+ 29. Kg1 Na4 30. Rb3 Be5 31. c5 dxc5 32. bxc5 Rb2 33. Rxb2
Nxb2 34. f4 Bf6 35. c6 bxc6 36. dxc6 e6 37. Ba6 {#r} 1-0

[Event "Thursday Knighter I: PREMIER"]
[Site "Minneapolis, MN"]
[Date "2019.01.17"]
[Round "3.4"]
[White "Buyukdag, Yusuf"]
[Black "Newhall, Peter"]
[Result "1/2-1/2"]
[WhiteElo "1102"]
[BlackElo "1067"]

1. d4 f5 2. Nc3 Nf6 3. Bg5 d5 4. Bxf6 exf6 5. e3 Be6 6. Bd3 Nc6 7. Qf3 Qd7 8.
Nge2 g5 9. Qh5+ Bf7 10. Qf3 Ne7 11. Ng3 Be6 12. Nh5 O-O-O 13. Nxf6 Qc6 14. Nh5
Qe8 15. Ng3 g4 16. Qe2 h5 17. Qd2 Bh6 18. O-O-O Qf7 19. Nge2 Ng6 20. Kb1 Nh4
21. Rhg1 Kb8 22. Na4 c6 23. Nc5 Bc8 24. Nf4 Rhe8 25. Qb4 Ka8 26. a4 b6 27. Nb3
Bxf4 28. exf4 Qc7 29. Qd2 Re7 30. a5 Rde8 31. axb6 axb6 32. c3 Kb8 33. Kc2 Qd6
34. Ra1 Ra7 35. Rxa7 Kxa7 36. Ra1+ Kb8 37. Bf1 Qe6 38. Nc1 Qe4+ 39. Nd3 Nxg2
40. Bxg2 Qxg2 41. Ne5 Bb7 42. Qe2 Kc7 43. Ra7 Qxh2 44. Qa6 Qxf2+ 45. Kb3 Rb8
46. Nd7 Kxd7 47. Rxb7+ Rxb7 48. Qxb7+ Kd6 49. Qxb6 Qh4 50. Qc5+ Kd7 51. Qa7+
Ke6 52. Qc7 Qe7 53. Qe5+ Kf7 54. Qxf5+ Qf6 55. Qxh5+ Qg6 56. Qe5 Qe6 57. Qh5+
Qg6 58. Qe5 {#d} 1/2-1/2

[Event "Thursday Knighter I: PREMIER"]
[Site "Minneapolis, MN"]
[Date "2019.01.17"]
[Round "3.5"]
[White "Boardman, Larry"]
[Black "Wasserman, Eddie"]
[Result "0-1"]
[WhiteElo "1983"]
[BlackElo "1928"]

1. e4 e5 2. Bc4 Nf6 3. d3 c6 4. Nf3 d5 5. Bb3 Bd6 6. Nc3 d4 7. Ne2 O-O 8. O-O
c5 9. Ng3 Nc6 10. Nh4 g6 11. Bh6 Re8 12. Qd2 Ng4 13. Bg5 Be7 14. Nf3 Be6 15.
Bxe6 fxe6 16. h3 Bxg5 17. Qxg5 Qxg5 18. Nxg5 Nh6 19. a3 Nf7 20. Nxf7 Kxf7 21.
f4 exf4 22. Rxf4+ Kg7 23. Raf1 Ne5 24. b3 b5 25. Ne2 Rad8 26. Rb1 Re7 27. Kf1
c4 28. bxc4 bxc4 29. Rb5 cxd3 30. cxd3 Nxd3 31. Rf3 Rf7 32. Rxf7+ Kxf7 33.
Rb7+ Kf6 34. Rxa7 Ke5 35. Ng3 h5 36. Ke2 Nc1+ 37. Kd2 h4 38. Ne2 Nb3+ 39. Ke1
Kxe4 40. a4 Rc8 41. a5 d3 {#R} 0-1

[Event "Thursday Knighter I: OPEN"]
[Site "Minneapolis, MN"]
[Date "2019.01.17"]
[Round "3.8"]
[White "Juntunen, Steven"]
[Black "Thiagarajan, Arvind"]
[Result "0-1"]
[WhiteElo "2133"]
[BlackElo "1528"]

1. e4 c5 2. Nf3 d6 3. d4 cxd4 4. Nxd4 Nf6 5. Nc3 a6 6. Bg5 e6 7. f4 Be7 8. Qf3
Qc7 9. O-O-O Nbd7 10. g4 b5 11. a3 Bb7 12. Bd3 Nc5 13. Bxb5+ axb5 14. Ndxb5
Qb6 15. Bxf6 gxf6 16. f5 e5 17. Nxd6+ Bxd6 18. Nd5 Bxd5 19. Rxd5 Rb8 20. b4
Nd7 21. Rhd1 Qc7 22. Rxd6 Rc8 23. c3 Nb6 24. Qd3 Na4 25. Qb5+ Kf8 26. c4 Nc3
27. Qa5 Qxa5 28. bxa5 Nxd1 29. Kxd1 Rxc4 30. Rxf6 Rxe4 31. a6 Ke7 32. Rb6 Ra4
33. Rb7+ Kf6 34. a7 Ra8 35. h4 R8xa7 36. Rb6+ Kg7 37. f6+ Kg6 38. g5 Rxh4 39.
Rb3 Raa4 40. Rb4 Rhxb4 41. axb4 Rxb4 {#R} 0-1

[Event "Thursday Knighter I: PREMIER"]
[Site "Minneapolis, MN"]
[Date "2019.01.24"]
[Round "4.1"]
[White "Hoover, Nathan"]
[Black "Hunt, Ethan"]
[Result "0-1"]
[WhiteElo "1979"]
[BlackElo "1912"]

1. d4 d5 2. c4 c6 3. Nf3 Nf6 4. Nc3 e6 5. e3 Nbd7 6. Bd3 dxc4 7. Bxc4 b5 8.
Bd3 a6 9. e4 c5 10. e5 cxd4 11. Nxb5 Nxe5 12. Nxe5 axb5 13. Bxb5+ Bd7 14. Nxd7
Qa5+ 15. Bd2 Qxb5 16. Qf3 Rd8 17. Nxf6+ gxf6 18. a3 Rd5 19. O-O-O Be7 20. Bh6
Kd7 21. Qd3 Rc8+ 22. Kb1 Qb6 23. Rc1 Rb8 24. Rc2 Rb5 25. Bc1 Rb3 26. Qxh7 Rxa3
27. Rd1 e5 28. Qxf7 Qa5 29. Rc4 d3 {#R} 0-1

[Event "Thursday Knighter I: PREMIER"]
[Site "Minneapolis, MN"]
[Date "2019.01.24"]
[Round "4.2"]
[White "Britt, Thomas"]
[Black "Zagar, Dane"]
[Result "1-0"]
[WhiteElo "1460"]
[BlackElo "1972"]

1. d4 Nf6 2. c4 e6 3. Nf3 d5 4. g3 Bb4+ 5. Bd2 Be7 6. Bg2 O-O 7. Qc2 c6 8. O-O
Nbd7 9. Rd1 a5 10. Bf4 Ne4 11. Nc3 g5 12. Bd2 g4 13. Ne5 Nxd2 14. Rxd2 f5 15.
f4 Nxe5 16. dxe5 Bc5+ 17. Kf1 Ba7 18. Nd1 h5 19. e3 Bd7 20. Rc1 Rf7 21. Qd3
Qe7 22. Kg1 Kg7 23. Rcc2 Rh8 24. Qc3 Qb4 25. a3 Qxc3 26. Rxc3 Be8 27. Bf1 h4
28. b4 Bb6 29. Nb2 Kf8 30. Na4 Ba7 31. c5 Rfh7 32. Bg2 axb4 33. axb4 hxg3 34.
hxg3 Ke7 35. Ra3 Kd8 36. Nc3 Bb8 37. Ra8 Kc7 38. Ne2 Bd7 39. Nd4 b5 40. Rda2
Rh6 41. R8a6 Rc8 42. Rb6 Kd8 43. Raa6 Bc7 44. Rb7 Bb8 45. Ra8 Bxe5 46. Raa7
Bc7 47. Nb3 Rh7 48. Nd4 e5 49. fxe5 Bxe5 50. Ne6+ Ke8 51. Nf4 Bxf4 52. gxf4
Re7 53. Kf2 Rd8 54. Bf1 Re4 55. Bg2 Rxb4 56. Bxd5 Rb2+ 57. Kg3 cxd5 58. c6 Rc2
59. cxd7+ Ke7 60. Rxb5 Rh8 61. d8=Q+ Kxd8 62. Rb8+ Rc8 63. Rxc8+ {#r} 1-0

[Event "Thursday Knighter I: PREMIER"]
[Site "Minneapolis, MN"]
[Date "2019.01.24"]
[Round "4.3"]
[White "Wasserman, Eddie"]
[Black "Buyukdag, Yusuf"]
[Result "1-0"]
[WhiteElo "1928"]
[BlackElo "1102"]

1. e4 c5 2. Nc3 Nc6 3. Bb5 g6 4. Bxc6 dxc6 5. f4 Bg7 6. Nf3 Qc7 7. d3 Nf6 8.
O-O Bg4 9. h3 Be6 10. a3 Rd8 11. e5 Nd5 12. Ne4 c4 13. d4 O-O 14. Qe1 Bf5 15.
g4 Bxe4 16. Qxe4 e6 17. f5 exf5 18. gxf5 Rde8 19. Qh4 gxf5 20. Bh6 Bxh6 21.
Qxh6 Re6 22. Qh5 Rg6+ 23. Kh1 f6 24. Rg1 Qg7 25. Nh4 Nf4 26. Qxf5 fxe5 27.
Nxg6 hxg6 28. Qxe5 Qh6 29. Rg3 g5 30. Rxg5+ Ng6 31. Rxg6+ {#r} 1-0

[Event "Thursday Knighter I: PREMIER"]
[Site "Minneapolis, MN"]
[Date "2019.01.24"]
[Round "4.4"]
[White "Marquina, Efrain"]
[Black "Winslow, Daniel"]
[Result "1-0"]
[WhiteElo "1645"]
[BlackElo "2055"]

1. d4 Nf6 2. c4 g6 3. Nc3 Bg7 4. e4 d6 5. f3 O-O 6. Nge2 c5 7. d5 e6 8. Bg5 a6
9. a4 Qc7 10. Qd2 exd5 11. cxd5 Re8 12. g4 Nbd7 13. Ng3 Rb8 14. Be2 Ne5 15.
O-O c4 16. Be3 Bd7 17. a5 Bb5 18. h3 Rf8 19. f4 Ned7 20. b4 b6 21. g5 Ne8 22.
Bg4 bxa5 23. Rxa5 f6 24. Be6+ Kh8 25. h4 Nc5 26. h5 Nxe6 27. dxe6 fxg5 28. Nd5
Qc8 29. hxg6 gxf4 30. e7 Rf6 31. Nxf6 Nxf6 32. Bd4 Qg4 33. Qxf4 Qxf4 34. Rxf4
Nd7 35. Bxg7+ Kxg7 36. gxh7 Kxh7 37. Rxb5 axb5 38. Rf7+ Kg6 39. e8=Q Rxe8 40.
Rxd7 Rc8 41. Rxd6+ Kg5 42. Kf2 c3 43. Rd5+ Kg4 44. Ne2 Rc4 45. Rxb5 c2 46. Rc5
Rxe4 47. b5 Rb4 48. Ke3 {#r} 1-0

[Event "Thursday Knighter I: PREMIER"]
[Site "Minneapolis, MN"]
[Date "2019.01.24"]
[Round "4.5"]
[White "Deutsch, Daniel"]
[Black "Boardman, Larry"]
[Result "1-0"]
[WhiteElo "1729"]
[BlackElo "1983"]

1. d4 d5 2. Bf4 Nf6 3. e3 c5 4. c3 cxd4 5. exd4 Bf5 6. Nf3 Nc6 7. Bd3 Bxd3 8.
Qxd3 e6 9. Nbd2 Bd6 10. Bg3 Qc7 11. O-O O-O 12. Rfe1 Bxg3 13. hxg3 Rab8 14.
Ne5 Nd7 15. Ndf3 Ncxe5 16. Nxe5 Nxe5 17. Rxe5 g6 18. Kh2 Rfc8 19. Qd2 Kg7 20.
Rh1 Rh8 21. Kg1 h6 22. g4 Qe7 23. f4 Rbe8 24. f5 Qf6 25. Rxh6 exf5 26. g5 Qd6
27. Qf4 Rxe5 28. dxe5 Qb6+ 29. Kh2 Qe6 30. g4 fxg4 31. Qf6+ Qxf6 32. exf6+ Kg8
33. Rxh8+ Kxh8 34. Kg3 Kg8 35. Kxg4 Kf8 36. Kf4 {#r} 1-0

[Event "Thursday Knighter I: OPEN"]
[Site "Minneapolis, MN"]
[Date "2019.01.24"]
[Round "4.2"]
[White "Heinisch, Michael"]
[Black "Wijetunge, Ivan"]
[Result "0-1"]
[WhiteElo "1300"]
[BlackElo "2055"]

1. e4 d5 2. d4 dxe4 3. Nc3 Nf6 4. f3 e3 5. Bc4 Bf5 6. Bxe3 e6 7. Nge2 c6 8. g4
Bg6 9. Nf4 Nd5 10. Ncxd5 exd5 11. Nxg6 hxg6 12. Bd3 Bd6 13. Qd2 Bg3+ 14. Ke2
Bd6 15. f4 Qh4 16. Rag1 Nd7 17. f5 O-O-O 18. Bf4 Rde8+ 19. Kd1 Bxf4 20. Qxf4
g5 21. Qf3 Nf6 22. h3 Re7 23. Re1 Rhe8 24. Rxe7 Rxe7 25. Qf1 Kd7 26. Kd2 Qg3
27. c3 Re3 28. Be2 Ne4+ 29. Kc1 Rxc3+ {#R} 0-1

[Event "Thursday Knighter I: OPEN"]
[Site "Minneapolis, MN"]
[Date "2019.01.24"]
[Round "4.3"]
[White "Landman, Kevin"]
[Black "Benson, Carl"]
[Result "0-1"]
[WhiteElo "1506"]
[BlackElo "1739"]

1. d4 d5 2. c4 c6 3. Nc3 e6 4. e4 dxe4 5. Nxe4 Nf6 6. Nxf6+ Qxf6 7. Nf3 Bb4+
8. Bd2 Bxd2+ 9. Qxd2 O-O 10. Bd3 Nd7 11. Qc2 h6 12. O-O Re8 13. Rfe1 Nf8 14.
Re3 Rd8 15. Rae1 Nd7 16. b4 b6 17. Ne5 Nxe5 18. dxe5 Qe7 19. a3 Bb7 20. Be4
Rd4 21. Rd3 Rad8 22. Red1 c5 23. Bxb7 Qxb7 24. Rxd4 cxd4 25. c5 Qc6 26. Qc4 b5
27. Qd3 a6 28. Qf3 Rd5 29. Qe4 Rxc5 30. Qxd4 Rd5 31. Qa1 Qc3 32. g3 Rxd1+ 33.
Qxd1 Qxe5 34. Qc1 Kh7 35. Qc2+ g6 36. Qc1 Kg7 37. Qb1 Qc3 38. Qa2 h5 39. Qe2
Qxa3 40. Qe5+ Kh7 41. Qf6 Kg8 42. Qd8+ Kg7 43. Qd4+ Kh7 44. Qf6 Qc1+ 45. Kg2
Qc7 46. Qa1 Qb7+ 47. Kg1 Qb6 48. Qf6 Kg8 49. Qf4 a5 50. bxa5 Qxa5 51. Qb8+ Kg7
52. Qe5+ Kh7 53. Qg5 Qa1+ 54. Kg2 Qa8+ 55. Kg1 Qd5 56. Qe7 Kg7 57. Qb4 Qc4 58.
Qb2+ Kg8 59. Qf6 Qc1+ 60. Kg2 Qc6+ 61. Kg1 Qd6 62. Qc3 b4 63. Qc8+ Kg7 64. Qc2
Qd4 65. Qb1 Qc3 {#R} 0-1

[Event "Thursday Knighter I: PREMIER"]
[Site "Minneapolis, MN"]
[Date "2019.01.31"]
[Round "5.1"]
[White "Hoover, Nathan"]
[Black "Britt, Thomas"]
[Result "1-0"]
[WhiteElo "1979"]
[BlackElo "1460"]

1. d4 Nf6 2. c4 c5 3. d5 b5 4. cxb5 a6 5. bxa6 g6 6. Nc3 Bxa6 7. Nf3 d6 8. g3
Bg7 9. Bh3 O-O 10. O-O Nbd7 11. Re1 Nb6 12. a4 Nfd7 13. a5 Nc4 14. Qa4 Nb8 15.
Nd2 Nxd2 16. Bxd2 Bc8 17. Bxc8 Qxc8 18. Qc4 Qb7 19. Ra2 Na6 20. Rea1 Rfb8 21.
Na4 Qb3 22. Qe4 Re8 23. Ra3 Qb7 24. Qc4 Rab8 25. Bc3 Qb5 26. b3 e6 27. Bxg7
Kxg7 28. Nc3 Qb7 29. e4 Kg8 30. Rd1 Qb4 31. Ra4 Qxb3 32. Qxa6 Qxc3 33. Qxd6
Qc2 34. Raa1 Rb2 35. Qf4 e5 36. Qe3 Rb3 37. Rdc1 Qb2 38. Qxc5 h5 39. d6 h4 40.
d7 Rd8 41. Qe7 Rbb8 42. a6 h3 43. a7 Ra8 44. Qxd8+ Rxd8 45. a8=Q Rxa8 46.
Rxa8+ Kg7 47. Rac8 Qe2 48. d8=Q {#r} 1-0

[Event "Thursday Knighter I: PREMIER"]
[Site "Minneapolis, MN"]
[Date "2019.01.31"]
[Round "5.2"]
[White "Hunt, Ethan"]
[Black "Wasserman, Eddie"]
[Result "1-0"]
[WhiteElo "1912"]
[BlackElo "1928"]

1. c4 Nf6 2. Nc3 e6 3. e4 d5 4. e5 d4 5. exf6 dxc3 6. bxc3 Qxf6 7. d4 c5 8.
Nf3 h6 9. Bd3 Nc6 10. Be4 Bd7 11. Rb1 Rb8 12. O-O Na5 13. Qd3 Bc6 14. d5 Rd8
15. Qe2 Bd7 16. Bb2 Bd6 17. Nd2 O-O 18. Bf3 exd5 19. cxd5 Rfe8 20. Qd1 Bb5 21.
c4 Bxh2+ 22. Kxh2 Qh4+ 23. Kg1 Nxc4 24. Nxc4 Bxc4 25. Re1 Rxe1+ 26. Qxe1 Bxd5
27. Qe5 Qg5 28. Qxg5 hxg5 29. Rd1 {#r} 1-0

[Event "Thursday Knighter I: PREMIER"]
[Site "Minneapolis, MN"]
[Date "2019.01.31"]
[Round "5.3"]
[White "Buyukdag, Yusuf"]
[Black "Deutsch, Daniel"]
[Result "0-1"]
[WhiteElo "1102"]
[BlackElo "1729"]

1. d4 Nf6 2. c4 g6 3. f3 Bg7 4. e4 d6 5. Be3 O-O 6. Ne2 e5 7. Nbc3 Nc6 8. d5
Ne7 9. Qd2 Ne8 10. g4 f5 11. gxf5 gxf5 12. O-O-O Ng6 13. Kb1 a6 14. c5 Bd7 15.
Nc1 b5 16. c6 Bc8 17. a3 Nf6 18. Bd3 fxe4 19. fxe4 Nh5 20. Bh6 Qh4 21. Bg5 Qf2
22. Be2 Nhf4 23. Rdf1 Qb6 24. h4 Bh3 25. Re1 h6 26. Bxf4 Nxf4 27. Bf1 Bxf1 28.
Rexf1 b4 29. Na4 Qb5 30. Qxb4 Qxb4 31. axb4 Rab8 32. Nc3 Rxb4 33. Kc2 a5 34.
N1a2 Rb6 35. Na4 Rbb8 36. Rf2 Kh7 37. Kc3 Nxd5+ 38. exd5 Rxf2 39. Kd3 Rb3+ 40.
N2c3 Rb4 41. Ke3 Rff4 42. Rh3 Rxa4 43. Nb5 Rf7 44. Rf3 Rxf3+ 45. Kxf3 Rf4+ 46.
Ke3 Rf7 47. Na3 Kg6 48. Nc4 a4 49. Na3 Kh5 50. Nb5 Kxh4 51. Nc3 Kg3 52. Nxa4
Rf3+ 53. Kd2 h5 54. Nc3 Rxc3 {#R} 0-1

[Event "Thursday Knighter I: PREMIER"]
[Site "Minneapolis, MN"]
[Date "2019.01.31"]
[Round "5.4"]
[White "Myrin, Norman"]
[Black "Boardman, Larry"]
[Result "0-1"]
[WhiteElo "1974"]
[BlackElo "1983"]

1. d4 d5 2. e3 Nf6 3. Bd3 c5 4. c3 cxd4 5. exd4 Nc6 6. f4 Bg4 7. Nf3 e6 8. O-O
Bd6 9. Qe1 Bxf3 10. Rxf3 Qc7 11. g3 O-O-O 12. Rf2 h5 13. Nd2 h4 14. Nf3 hxg3
15. hxg3 Ng4 16. Rc2 Rh5 17. Bf1 Rdh8 18. Bg2 Kb8 19. Re2 Qd8 20. Ne5 Ncxe5
21. fxe5 Be7 22. Be3 Bg5 23. Bxg5 Qxg5 24. Qd2 Qg6 25. Bf3 Qh7 26. Bxg4 Rh1+
27. Kf2 Rxa1 28. Bf3 Qb1 29. Ke3 Qg1+ 30. Kf4 g5+ 31. Kxg5 Qxg3+ 32. Kf6 Qxf3+
33. Ke7 Rf1 34. Rg2 Qh5 35. Rg5 Qh4 36. Kd7 Rf5 37. Rg7 Qd8# 0-1

[Event "Thursday Knighter I: OPEN"]
[Site "Minneapolis, MN"]
[Date "2019.01.31"]
[Round "5.5"]
[White "Humphreys, Terry"]
[Black "Juntunen, Steven"]
[Result "0-1"]
[WhiteElo "1912"]
[BlackElo "2133"]

1. d4 Nf6 2. c4 e6 3. Nc3 Bb4 4. e3 O-O 5. Bd3 b6 6. Nge2 Bb7 7. O-O d6 8. a3
Bxc3 9. Nxc3 Nbd7 10. Qc2 c5 11. Re1 Rc8 12. b3 Re8 13. Bb2 Qc7 14. Rac1 d5
15. f3 cxd4 16. exd4 Qf4 17. Ne2 Qg5 18. Kh1 dxc4 19. bxc4 Qh5 20. Ng3 Qh6 21.
Qf2 Ba6 22. Ne4 Nxe4 23. fxe4 Nf6 24. Qe3 Qxe3 25. Rxe3 Rc7 26. Be2 Rec8 27.
e5 Bxc4 28. exf6 Bxe2 29. Rxc7 Rxc7 30. Rxe2 gxf6 31. Kg1 Kg7 32. Kf2 b5 33.
Ke3 a5 34. Kd3 Rd7 35. Kc3 Rc7+ 36. Kb3 Kg6 37. Rc2 a4+ {#R} 0-1

[Event "Thursday Knighter II: PREMIER"]
[Site "Minneapolis, MN"]
[Date "2019.02.07"]
[Round "1.1"]
[White "Buyukdag, Yusuf"]
[Black "Hoover, Nathan"]
[Result "0-1"]
[WhiteElo "1102"]
[BlackElo "1979"]

1. d4 Nf6 2. c4 c5 3. d5 d6 4. Nc3 g6 5. h3 Bg7 6. e4 b5 7. cxb5 O-O 8. Nf3 a6
9. a4 axb5 10. Bxb5 Ba6 11. Bd2 Nbd7 12. O-O Nb6 13. Re1 Nfd7 14. Qc1 Re8 15.
Bc6 Rb8 16. Nb5 Nc8 17. Bh6 Bh8 18. Nh4 Bf6 19. Bg5 Bg7 20. Qf4 Bxb2 21. Rab1
Bg7 22. Qg3 Kh8 23. Nf3 Rf8 24. Qh4 Nf6 25. e5 dxe5 26. Nxe5 Kg8 27. Rbd1 Nd6
28. Nd7 Nf5 29. Nxf6+ exf6 30. Bxf6 Bxf6 31. Qe4 Nd6 32. Nxd6 Qxd6 33. Rb1 Rb4
34. Rxb4 cxb4 35. Rb1 Rb8 36. Qc2 Bd4 37. Rb3 Qc5 38. Qxc5 Bxc5 39. a5 Kf8 40.
Ba4 Ke7 41. Rf3 f5 42. Bb3 Kd6 43. g4 Be2 44. Rf4 Ke5 {#R} 0-1

[Event "Thursday Knighter II: PREMIER"]
[Site "Minneapolis, MN"]
[Date "2019.02.07"]
[Round "1.2"]
[White "Shapiro, Dan"]
[Black "Myrin, Norman"]
[Result "1-0"]
[WhiteElo "1980"]
[BlackElo "1974"]

1. d4 d5 2. c4 e6 3. Nc3 Nf6 4. cxd5 exd5 5. Bg5 Nbd7 6. e3 c6 7. Bd3 Be7 8.
Qc2 O-O 9. Nge2 Re8 10. f3 Nf8 11. O-O Nh5 12. Bxe7 Qxe7 13. e4 dxe4 14. fxe4
Bg4 15. Rf2 Qd7 16. Rd1 Nf6 17. e5 Nd5 18. a3 Re7 19. Ne4 Ne3 20. Qd2 Nxd1 21.
Qxd1 Rd8 22. Nd6 Bh5 23. Qf1 Ne6 24. Nf5 Ree8 25. Nd6 Rf8 26. Ng3 Bg6 27. Bf5
Bxf5 28. Ngxf5 Qc7 29. Qd1 f6 30. Qb3 Qd7 31. Qg3 fxe5 32. Nh6+ Kh8 33. Ndf7+
Rxf7 34. Nxf7+ Kg8 35. Nxd8 Nf4 36. Qb3+ Nd5 37. Qxb7 {#r} 1-0

[Event "Thursday Knighter II: PREMIER"]
[Site "Minneapolis, MN"]
[Date "2019.02.14"]
[Round "2.1"]
[White "Hoover, Nathan"]
[Black "Shapiro, Dan"]
[Result "1-0"]
[WhiteElo "1979"]
[BlackElo "1980"]

1. d4 Nf6 2. c4 e6 3. Nc3 Bb4 4. e3 O-O 5. Nf3 b6 6. Bd3 Bb7 7. O-O Bxc3 8.
bxc3 Ne4 9. Ne1 f5 10. f3 Nd6 11. Ba3 Rf6 12. Qe2 Rh6 13. e4 f4 14. Bc1 Qf8
15. g3 g5 16. gxf4 gxf4 17. Ng2 Nc6 18. Bxf4 Rg6 19. Bg3 Re8 20. e5 Nf5 21.
Bxf5 exf5 22. Nf4 Rh6 23. Qg2 Kh8 24. Qf2 Ne7 25. d5 Ng6 26. Qd4 Nxe5 27. Nd3
d6 28. f4 c5 29. dxc6 Bxc6 30. fxe5 Rxh2 31. Kxh2 Qh6+ 32. Qh4 Qd2+ 33. Rf2
Qxd3 34. Qf6+ Kg8 35. Rg1 {#r} 1-0

[Event "Thursday Knighter II: PREMIER"]
[Site "Minneapolis, MN"]
[Date "2019.02.14"]
[Round "2.2"]
[White "Boardman, Larry"]
[Black "Hunt, Ethan"]
[Result "0-1"]
[WhiteElo "1983"]
[BlackElo "1912"]

1. e4 c5 2. Nf3 Nc6 3. d4 cxd4 4. Nxd4 Nf6 5. Nc3 e5 6. Ndb5 d6 7. Bg5 a6 8.
Na3 b5 9. Nd5 Be7 10. Bxf6 Bxf6 11. c3 O-O 12. Nc2 Bg5 13. a4 bxa4 14. Rxa4 a5
15. Bd3 Rb8 16. b4 axb4 17. Ncxb4 Nxb4 18. Rxb4 Be6 19. Rxb8 Qxb8 20. h4 Bd8
21. Qh5 Qc8 22. Qd1 Bxd5 23. exd5 Qxc3+ 24. Ke2 e4 25. Ba6 Bb6 26. Qc1 Qd4 27.
Qe3 Qb2+ 28. Qd2 Qxd2+ 29. Kxd2 Bxf2 {#R} 0-1

[Event "Thursday Knighter II: PREMIER"]
[Site "Minneapolis, MN"]
[Date "2019.02.14"]
[Round "2.3"]
[White "Wasserman, Eddie"]
[Black "Buyukdag, Yusuf"]
[Result "0-1"]
[WhiteElo "1928"]
[BlackElo "1102"]

1. d4 Nf6 2. Bg5 Ne4 3. Bf4 g5 4. Bc1 h6 5. f3 Nf6 6. e4 d5 7. e5 Nh5 8. Ne2
f5 9. h4 g4 10. fxg4 fxg4 11. Qd3 Be6 12. Qg6+ Bf7 13. Qxg4 Rg8 14. Qf3 Qd7
15. Nbc3 c6 16. Be3 Na6 17. O-O-O Nc7 18. Kb1 b5 19. Rg1 b4 20. Na4 Bg6 21. g4
Be4 22. Qf2 Ng7 23. Nc5 Qd8 24. Bxh6 Nge6 25. Nxe6 Nxe6 26. Be3 Qb6 27. Bh3 b3
28. axb3 Qxb3 29. Ng3 Rb8 30. Bc1 Bh7 31. g5 Rb6 32. Bf5 Bxf5 33. Qxf5 Qa4 34.
Qxe6 Ra6 35. Qc8+ Kf7 36. Rdf1+ Kg7 37. c3 Qc4 38. Kc2 Qa4+ 39. Kd2 c5 40.
Nh5+ Kh8 41. Rxf8 Rag6 42. Rgf1 cxd4 43. Rxg8+ Rxg8 44. Rf8 dxc3+ 45. Qxc3
Rxf8 46. e6+ d4 47. Qg3 Qa5+ 48. Ke2 Qb5+ 49. Qd3 Rf2+ {#R} 0-1

[Event "Thursday Knighter II: OPEN"]
[Site "Minneapolis, MN"]
[Date "2019.02.14"]
[Round "2.4"]
[White "Juntunen, Steven"]
[Black "Foote, Brendan"]
[Result "0-1"]
[WhiteElo "2133"]
[BlackElo "1142"]

1. e4 d5 2. exd5 Qxd5 3. Nc3 Qd8 4. d4 Nf6 5. Be2 c6 6. Be3 Nd5 7. Nxd5 cxd5
8. Qd2 Bf5 9. g4 Bg6 10. h4 h6 11. h5 Bh7 12. O-O-O Nc6 13. Bd3 Bxd3 14. Qxd3
e6 15. Kb1 Qc7 16. c3 a6 17. g5 O-O-O 18. Nf3 Bd6 19. gxh6 gxh6 20. Qd2 f6 21.
Bxh6 Qh7+ 22. Ka1 Qxh6 23. Qxh6 Rxh6 24. Rdg1 Rdh8 25. Rg4 Rxh5 26. Rxh5 Rxh5
27. Rh4 Rxh4 28. Nxh4 e5 29. dxe5 fxe5 30. Nf5 Kd7 31. Kb1 e4 32. Nxd6 Kxd6
33. Kc2 Ke5 34. Kd2 Kf5 35. Ke2 Ne5 36. b3 Nd3 37. c4 dxc4 38. bxc4 Nc1+ 39.
Kf1 Nxa2 40. c5 Nb4 41. c6 Nxc6 42. Ke2 Nd4+ 43. Kf1 Kf4 44. Ke1 a5 45. Kf1
Nc2 46. Kg1 a4 47. Kf1 a3 48. Kg1 a2 49. Kh1 {#R} 0-1

[Event "Thursday Knighter II: PREMIER"]
[Site "Minneapolis, MN"]
[Date "2019.02.21"]
[Round "3.1"]
[White "Hunt, Ethan"]
[Black "Hoover, Nathan"]
[Result "1-0"]
[WhiteElo "1912"]
[BlackElo "1979"]

1. e4 c5 2. Nf3 d6 3. d4 cxd4 4. Nxd4 Nf6 5. Nc3 e6 6. Be3 a6 7. f3 Qc7 8. g4
Nfd7 9. Qd2 Ne5 10. O-O-O Nbd7 11. Rg1 Nb6 12. b3 d5 13. Kb1 Bb4 14. Ncb5 Qe7
15. Nc7+ Kf8 16. c3 Qxc7 17. cxb4 h5 18. gxh5 Rxh5 19. Rc1 Qd8 20. f4 Ned7 21.
e5 Kg8 22. Bd3 Nf8 23. Rg3 Bd7 24. Qg2 g6 25. Rg1 Be8 26. Nxe6 fxe6 27. Bxg6
Bxg6+ 28. Rxg6+ Kf7 29. Rf6+ Ke8 30. Rxf8+ Kxf8 31. Qg8+ Ke7 32. Rg7# 1-0

[Event "Thursday Knighter II: PREMIER"]
[Site "Minneapolis, MN"]
[Date "2019.02.21"]
[Round "3.2"]
[White "Shapiro, Dan"]
[Black "Britt, Thomas"]
[Result "0-1"]
[WhiteElo "1980"]
[BlackElo "1460"]

1. d4 Nf6 2. c4 g6 3. Nc3 Bg7 4. Nf3 O-O 5. Bg5 d6 6. e3 c5 7. d5 h6 8. Bh4
Qb6 9. Bd3 e5 10. Nd2 Nh7 11. O-O g5 12. Qc2 f5 13. Bg3 Qd8 14. h3 Rf7 15. f4
gxf4 16. exf4 e4 17. Be2 Bd4+ 18. Kh1 Rg7 19. Be1 Qf6 20. Nb3 Qg6 21. Bd1 Be3
22. Qe2 Na6 23. g3 Bd4 24. Nb5 Bf6 25. a3 Be7 26. Qh5 Qxh5 27. Bxh5 Bd7 28. a4
Nf6 29. Be2 Kh7 30. Kh2 Kg6 31. Bc3 Rh7 32. Na5 Bc8 33. Rg1 h5 34. Rg2 Ne8 35.
Kg1 Bf6 36. Kf2 Nb4 37. Bxf6 Kxf6 38. Na3 Rb8 39. Rag1 Bd7 40. g4 hxg4 41.
hxg4 fxg4 42. Bxg4 Nd3+ 43. Ke3 Bxg4 44. Rxg4 Rh3+ 45. R1g3 Rxg3+ 46. Rxg3 Ng7
47. Kxe4 Ne1 48. Ke3 Nf5+ 49. Kf2 Nxg3 50. Kxg3 a6 51. b3 Kf5 52. Kf2 Nd3+ 53.
Ke3 Nxf4 54. Kd2 Ke4 55. Nc2 Nd3 56. Kc3 b6 57. Nc6 Rh8 58. a5 bxa5 59. Nxa5
Rh3 60. Na3 Nb4+ 61. Kd2 Rh2+ {#R} 0-1

[Event "Thursday Knighter II: PREMIER"]
[Site "Minneapolis, MN"]
[Date "2019.02.21"]
[Round "3.3"]
[White "Buyukdag, Yusuf"]
[Black "Boardman, Larry"]
[Result "0-1"]
[WhiteElo "1102"]
[BlackElo "1983"]

1. d4 d5 2. c4 e6 3. Nc3 c5 4. Nf3 Nf6 5. cxd5 Nxd5 6. e4 Nxc3 7. bxc3 Be7 8.
d5 O-O 9. c4 exd5 10. exd5 Re8 11. Be2 Bg4 12. O-O Qc7 13. Qc2 Bxf3 14. Bxf3
Bd6 15. g3 Nd7 16. Bb2 Ne5 17. Bg2 Re7 18. Qc3 f6 19. Bh3 Ng6 20. Rfe1 Be5 21.
Qc2 Bxb2 22. Qxb2 Rae8 23. Be6+ Kh8 24. Rad1 Qd6 25. h4 Nf8 26. Qb5 Rb8 27.
Kf1 a6 28. Qb2 Nxe6 29. dxe6 Qc6 30. Qe2 Qh1# 0-1